An Introduction to Chinese Philosophy / (Record no. 17388)
[ view plain ]
| 000 -LEADER | |
|---|---|
| fixed length control field | 01338cam a2200277 a 4500 |
| 001 - CONTROL NUMBER | |
| control field | 15250289 |
| 005 - DATE AND TIME OF LATEST TRANSACTION | |
| control field | 20130321124917.0 |
| 008 - FIXED-LENGTH DATA ELEMENTS--GENERAL INFORMATION | |
| fixed length control field | 080407s2008 enk b 001 0 eng |
| 010 ## - LIBRARY OF CONGRESS CONTROL NUMBER | |
| LC control number | 2008015650 |
| 015 ## - NATIONAL BIBLIOGRAPHY NUMBER | |
| National bibliography number | GBA863667 |
| Source | bnb |
| 020 ## - INTERNATIONAL STANDARD BOOK NUMBER | |
| International Standard Book Number | 0521608929 (pbk.) |
| 020 ## - INTERNATIONAL STANDARD BOOK NUMBER | |
| International Standard Book Number | 9780521608923 (pbk.) |
| 020 ## - INTERNATIONAL STANDARD BOOK NUMBER | |
| International Standard Book Number | 0521846463 (hardback) |
| 020 ## - INTERNATIONAL STANDARD BOOK NUMBER | |
| International Standard Book Number | 9780521846462 (hardback) |
| 082 00 - DEWEY DECIMAL CLASSIFICATION NUMBER | |
| Classification number | 181.11 |
| Edition number | 22 |
| Item number | LAI |
| 100 1# - MAIN ENTRY--PERSONAL NAME | |
| Personal name | Lai, Karyn, |
| Dates associated with a name | 1964- |
| 9 (RLIN) | 32929 |
| 245 13 - TITLE STATEMENT | |
| Title | An Introduction to Chinese Philosophy / |
| Statement of responsibility, etc | Karyn L. Lai. |
| 260 ## - PUBLICATION, DISTRIBUTION, ETC. (IMPRINT) | |
| Place of publication, distribution, etc | Cambridge, UK ; |
| -- | New York : |
| Name of publisher, distributor, etc | Cambridge University Press, |
| Date of publication, distribution, etc | 2008. |
| 300 ## - PHYSICAL DESCRIPTION | |
| Extent | xiv, 307 p. ; |
| Dimensions | 26 cm. |
| 440 #0 - | |
| -- | Cambridge introductions to philosophy |
| -- | 32930 |
| 504 ## - BIBLIOGRAPHY, ETC. NOTE | |
| Bibliography, etc | Includes bibliographical references (p. 288-299) and index. |
| 505 0# - FORMATTED CONTENTS NOTE | |
| Formatted contents note | Chinese philosophy -- Confucius and the Confucian concepts ren and li -- The cultivation of humanity in Confucian philosophy : Mencius and Xunzi -- Early Mohist philosophy -- Early Daoist philosophy : The Dao De Jing as a metaphysical treatise -- Early Daoist philosophy : dao, language and society -- The Mingjia and the later Mohists -- Zhuangzi's philosophy -- Legalist philosophy -- The Yijing and its place in Chinese philosophy -- Chinese Buddhism. |
| 650 #0 - SUBJECT ADDED ENTRY--TOPICAL TERM | |
| Topical term or geographic name as entry element | Philosophy, Chinese. |
| 9 (RLIN) | 32931 |
| 653 ## - INDEX TERM--UNCONTROLLED | |
| Resource For college | |
| Arrived date list | March2013 |
| 942 ## - ADDED ENTRY ELEMENTS (KOHA) | |
| Source of classification or shelving scheme | Dewey Decimal Classification |
| Item type | Book - Borrowing |
| Withdrawn status | Item status | Source of classification or shelving scheme | Damaged status | Not for loan | Vendor | Home library | Current library | Shelving location | Date acquired | Source of acquisition | Total Checkouts | Full call number | Barcode | Date last seen | Koha item type | Total Renewals | Date last borrowed |
|---|---|---|---|---|---|---|---|---|---|---|---|---|---|---|---|---|---|
| Dewey Decimal Classification | Baccah | Central Library | Central Library | Lower Floor | 21/03/2013 | 181.11 LAI | 000028581 | 15/07/2025 | NB - Book (Non borrowing) | ||||||||
| Dewey Decimal Classification | Baccah | Central Library | Central Library | Lower Floor | 21/03/2013 | 1 | 181.11 LAI | 000028582 | 15/07/2025 | Book - Borrowing | 1 | 17/01/2016 | |||||
| Dewey Decimal Classification | Baccah | Central Library | Central Library | Lower Floor | 21/03/2013 | 181.11 LAI | 000028583 | 15/07/2025 | Book - Borrowing |